Statistiques concernant Pays africains par les deux premières lettres

Cliquez ici pour prendre le quiz!

Statistiques générales

  • Ce quiz a été pris 35 966 fois
  • Le résultat moyen est 41 sur 54

Réponses sur la Carte

Les réponses sont colorées sur une échelle allant du rouge au vert en fonction du pourcentage des utilisateurs qui les ont devinées à leur premier essai. Vous pouvez retrouver ces pourcentages ci-dessous.
Chargement ...
 

Statistiques - réponses

Pays% Correct
Madagascar
99%
Mauritanie
99%
Maroc
99%
Mali
99%
Malawi
99%
Algérie
97%
Île Maurice
96%
Rép dém du
Congo
95%
Rép du Congo
95%
Égypte
93%
Afrique du Sud
93%
Côte d'Ivoire
92%
Comores
92%
Liberia
90%
Tunisie
90%
Libye
90%
Soudan
88%
Soudan du Sud
88%
Somalie
88%
Nigeria
79%
Niger
79%
Seychelles
78%
Sénégal
78%
Éthiopie
77%
Cameroun
75%
Cap-Vert
75%
Tchad
71%
Angola
70%
Mozambique
69%
Érythrée
69%
Gabon
69%
Gambie
69%
Togo
69%
Guinée équatoriale
68%
Guinée
68%
République
Centrafricaine
68%
Guinée-Bissau
68%
Namibie
67%
Burkina Faso
67%
Burundi
67%
Kenya
66%
Tanzanie
65%
Zambie
64%
Lesotho
64%
Zimbabwe
62%
Bénin
62%
Ghana
61%
Botswana
60%
Rwanda
54%
Sierra Leone
52%
Eswatini
52%
Ouganda
50%
Djibouti
50%
Sao Tomé-et-
Principe
39%

Distribution des résultats

Percentile par nombre de réponses

% des personnes avec chaque résultat

Votre développement - résultats

Vous n’avez pas pris ce quiz